<?xml version="1.0" encoding="UTF-8"?>
<record
    xmlns:xsi="http://www.w3.org/2001/XMLSchema-instance"
    xsi:schemaLocation="http://www.loc.gov/MARC21/slim http://www.loc.gov/standards/marcxml/schema/MARC21slim.xsd"
    xmlns="http://www.loc.gov/MARC21/slim">

  <leader>01047nam a2200277   4500</leader>
  <controlfield tag="001">385</controlfield>
  <controlfield tag="003">OSt</controlfield>
  <controlfield tag="005">20250409081230.0</controlfield>
  <controlfield tag="008">250408b        |||||||b |||| 00| 1 eng d</controlfield>
  <datafield tag="020" ind1=" " ind2=" ">
    <subfield code="a">9788538028581</subfield>
  </datafield>
  <datafield tag="040" ind1=" " ind2=" ">
    <subfield code="b">por</subfield>
  </datafield>
  <datafield tag="041" ind1=" " ind2=" ">
    <subfield code="h">por</subfield>
  </datafield>
  <datafield tag="082" ind1=" " ind2=" ">
    <subfield code="a">I 028.5</subfield>
    <subfield code="b">J62</subfield>
  </datafield>
  <datafield tag="245" ind1=" " ind2=" ">
    <subfield code="a">Jo&#xE3;o e Maria / </subfield>
    <subfield code="c">Ilustra&#xE7;&#xF5;es Lie Nobusa ; </subfield>
  </datafield>
  <datafield tag="260" ind1=" " ind2=" ">
    <subfield code="a">S&#xE3;o Paulo</subfield>
    <subfield code="b">Ciranda Cultura</subfield>
    <subfield code="c">2011</subfield>
  </datafield>
  <datafield tag="300" ind1=" " ind2=" ">
    <subfield code="a">10 p.</subfield>
    <subfield code="b">il.</subfield>
  </datafield>
  <datafield tag="520" ind1=" " ind2=" ">
    <subfield code="a">Jo&#xE3;o e Maria se perdem na floresta, at&#xE9; encontrarem uma linda casa feita dos mais deliciosos doces.
Mas o que acontecer&#xE1; com eles quando descobrirem que a cada pertence a uma malvada bruxa?
Viaje para um mundo m&#xE1;gico com este eterno conto cl&#xE1;ssico que traz uma linda hist&#xF3;ria para ler e reler sempre que quiser.</subfield>
  </datafield>
  <datafield tag="650" ind1=" " ind2="0">
    <subfield code="a">Literatura Brasileira</subfield>
    <subfield code="9">205</subfield>
  </datafield>
  <datafield tag="650" ind1=" " ind2="0">
    <subfield code="a">Infantil</subfield>
    <subfield code="9">535</subfield>
  </datafield>
  <datafield tag="650" ind1=" " ind2="0">
    <subfield code="a">Hist&#xF3;rias cl&#xE1;ssicas infantis</subfield>
    <subfield code="9">826</subfield>
  </datafield>
  <datafield tag="650" ind1=" " ind2="0">
    <subfield code="a">Bruxa malvada</subfield>
    <subfield code="9">804</subfield>
  </datafield>
  <datafield tag="650" ind1=" " ind2="0">
    <subfield code="a">Floresta encantada</subfield>
    <subfield code="9">805</subfield>
  </datafield>
  <datafield tag="655" ind1=" " ind2="0">
    <subfield code="a">Livro Infantil</subfield>
    <subfield code="9">568</subfield>
  </datafield>
  <datafield tag="700" ind1=" " ind2=" ">
    <subfield code="a"> Lie Nobusa</subfield>
    <subfield code="e">ILUSTRADOR</subfield>
    <subfield code="9">803</subfield>
  </datafield>
  <datafield tag="942" ind1=" " ind2=" ">
    <subfield code="2">ddc</subfield>
    <subfield code="n">0</subfield>
    <subfield code="c">BK</subfield>
  </datafield>
  <datafield tag="952" ind1=" " ind2=" ">
    <subfield code="0">0</subfield>
    <subfield code="1">0</subfield>
    <subfield code="2">ddc</subfield>
    <subfield code="4">0</subfield>
    <subfield code="7">0</subfield>
    <subfield code="a">BIBIB</subfield>
    <subfield code="b">BIBIB</subfield>
    <subfield code="c">INF</subfield>
    <subfield code="d">2025-04-08</subfield>
    <subfield code="e">doa&#xE7;&#xE3;o</subfield>
    <subfield code="l">0</subfield>
    <subfield code="o">I 028.5 / J62</subfield>
    <subfield code="p">2025-17319</subfield>
    <subfield code="r">2025-04-08 09:56:12</subfield>
    <subfield code="w">2025-04-08</subfield>
    <subfield code="y">BK</subfield>
  </datafield>
  <datafield tag="999" ind1=" " ind2=" ">
    <subfield code="c">385</subfield>
    <subfield code="d">385</subfield>
  </datafield>
</record>
